El perito judicial : procedimiento civil, comercial y laboral /
Guardado en:
| Autor Principal: | |
|---|---|
| Otros Autores: | |
| Formato: | Desconocido |
| Idioma: | Spanish |
| Publicado: |
Ciudad Autónoma de Buenos Aires :
Edicon,
2013.
|
| Edición: | 1a. ed., 2a. reimp. |
| Materias: | |
| Etiquetas: |
Agregar Etiqueta
Sin Etiquetas, Sea el primero en etiquetar este registro!
|
| LEADER | 00757nac a22001815a 4500 | ||
|---|---|---|---|
| 001 | DER.der014325 | ||
| 008 | 191031i2013####ag#||||||||||||||#||spa|| | ||
| 005 | 20250929132515.0 | ||
| 245 | 1 | 0 | |a El perito judicial : |b procedimiento civil, comercial y laboral / |c Agustín Alfredo A. Guerrero ; prólogo de Miguel Angel Maza. |
| 250 | |a 1a. ed., 2a. reimp. | ||
| 260 | |a Ciudad Autónoma de Buenos Aires : |b Edicon, |c 2013. | ||
| 300 | |a 247 p. | ||
| 501 | |a Detallada explicación del proceso. Doctrina. Jurisprudencia. Modelo de escritos. Liquidaciones de créditos laborales. | ||
| 020 | |a 9789876601788 | ||
| 100 | 1 | |a Guerrero, Agustín Alfredo A. | |
| 700 | 1 | |a Maza, Miguel Angel, |e prol. | |
| 650 | 7 | |a DERECHO PROCESAL CIVIL | |
| 859 | |a DERECHO |b BIB. DERECHO |h 347.05 |i GUE |p 009596 | ||
